000 00288nam a22001337a 4500
008 171018b xxu||||| |||| 00| 0 eng d
020 _a070022209
041 _aeng
080 _a338
100 _a53
101 _aMEN
245 _aPROFESSIONAL MANAGEMENT
_cALLEN,L.A
942 _2udc
_cBK
999 _c34762
_d34762